Vista normal Vista MARC

Entrada Topical Term

Número de registros utilizados en: 1

001 - CONTROL NUMBER

  • control field: 9890

003 - CONTROL NUMBER IDENTIFIER

  • control field: OSt

005 - DATE AND TIME OF LATEST TRANSACTION

  • control field: 20200907113012.0

008 - FIXED-LENGTH DATA ELEMENTS

  • fixed length control field: 200907|| aca||aabn | a|a d

040 ## - CATALOGING SOURCE

  • Original cataloging agency: OSt
  • Transcribing agency: OSt

150 ## - HEADING--TOPICAL TERM

  • Topical term or geographic name entry element: Relaciones raciales
  • Geographic subdivision: Latinoamérica

670 ## - SOURCE DATA FOUND

  • Source citation: Work cat.: (OSt)0: Zapata Olivella, Manuel. autor 889, La rebelión de los genes :, 1997.